[Event "Women's Speed Chess Q3"]
[Site "chess.com INT"]
[Date "2021.05.30"]
[Round "10"]
[White "Nurmanova, Alua"]
[Black "Nomin-Erdene, Davaademberel"]
[Result "0-1"]
[WhiteTitle "WFM"]
[BlackTitle "IM"]
[WhiteElo "2008"]
[BlackElo "2382"]
[WhiteFideId "13729390"]
[BlackFideId "4900782"]
[EventDate "2021.05.30"]

1. e4 c6 2. d4 d5 3. e5 Bf5 4. h4 h5 5. Bd3 Bxd3 6. Qxd3 e6 7. Bg5 Qa5+ 8. Nd2
Qa6 9. c4 Be7 10. Ngf3 Bxg5 11. Nxg5 Ne7 12. O-O Nf5 13. g3 Nd7 14. Qc3 O-O 15.
b3 Rac8 16. Rfd1 c5 17. dxc5 Rxc5 18. Qf3 g6 19. cxd5 Rxd5 20. Nc4 Nxe5 21. Nxe5
Rxe5 22. Rd7 b6 23. a4 Qe2 24. Qxe2 Rxe2 25. Rxa7 Nd4 26. Rb1 f6 27. Rd7 e5 28.
Kf1 fxg5 29. f4 gxf4 30. Rxd4 Re3 31. Rd7 fxg3+ 32. Kg1 Re2 33. Rc1 g2 34. b4
Ref2 35. Rdd1 Ra2 36. a5 bxa5 37. b5 Rb2 38. Rb1 Rff2 39. b6 Rxb1 40. Rxb1 Rf8
41. b7 Rb8 42. Kxg2 Kf7 43. Kf3 Ke6 44. Ke4 Kd6 45. Rb6+ Kc5 46. Rxg6 Rxb7 47.
Kxe5 Rb4 48. Ra6 Kb5 49. Rh6 Rxh4 50. Kf5 a4 51. Kg5 Rh1 52. Rh8 a3 53. Rb8+ Kc4
54. Ra8 Kb3 55. Rb8+ Ka2 56. Ra8 Rh3 57. Kf4 Kb2 58. Rb8+ Rb3 59. Ra8 a2 60. Kg5
a1=Q 61. Rxa1 Kxa1 62. Kxh5 Kb2 0-1

[Event "Women's Speed Chess Q3"]
[Site "chess.com INT"]
[Date "2021.05.30"]
[Round "10"]
[White "Vo, Thi Kim Phung"]
[Black "Golubeva, Oksana"]
[Result "1-0"]
[WhiteTitle "WGM"]
[BlackTitle "WFM"]
[WhiteElo "2335"]
[BlackElo "2179"]
[WhiteFideId "12401838"]
[BlackFideId "4170164"]
[EventDate "2021.05.30"]

1. d4 e6 2. c4 Nf6 3. Nc3 d5 4. Nf3 h6 5. Bf4 a6 6. cxd5 exd5 7. Rc1 Nbd7 8. e3
Bd6 9. Bxd6 cxd6 10. Bd3 b5 11. Qb3 Bb7 12. Be2 O-O 13. O-O Nb6 14. Qd1 Nc4 15.
b3 Nb6 16. g3 Bc8 17. Nh4 Bh3 18. Re1 Qd7 19. Bf3 Rfe8 20. Ne2 g5 21. Ng2 Ne4
22. Nc3 Re7 23. Qd3 Rae8 24. Qd1 Qf5 25. Nxe4 dxe4 26. Be2 Nd5 27. Rc6 b4 28.
Qd2 Nc3 29. Rxd6 Nxe2+ 30. Qxe2 Bg4 31. Qf1 Bh3 32. Rxh6 f6 33. Rxh3 Qxh3 34.
Rc1 Rc8 35. Rc4 Rec7 36. Qe2 Qe6 37. Rxc7 Rxc7 38. h4 Rc1+ 39. Kh2 Qc6 40. Qh5
gxh4 41. Nxh4 Rc2 42. Qg6+ Kf8 43. Kg2 Qe6 44. Nf5 Qf7 45. Qh6+ Kg8 46. Qh4 Kf8
47. Qxe4 Qc7 48. Qa8+ Kf7 49. d5 Qe5 50. Qb7+ Kg6 51. Nh4+ Kh6 52. d6 Rd2 53.
Qf3 Qd5 54. Nf5+ Kg5 55. e4 Qd3 56. Qf4+ Kg6 57. Qg4+ Kf7 58. Qg7+ Ke6 59. Qe7# 1-0

[Event "Women's Speed Chess Q3"]
[Site "chess.com INT"]
[Date "2021.05.30"]
[Round "10"]
[White "Novikova, Anna"]
[Black "Dwilewicz, Katarzyna"]
[Result "0-1"]
[WhiteTitle "WIM"]
[BlackTitle "WFM"]
[WhiteElo "2247"]
[BlackElo "2092"]
[WhiteFideId "4146794"]
[BlackFideId "1148486"]
[EventDate "2021.05.30"]

1. e4 c5 2. Nf3 e6 3. d4 cxd4 4. Nxd4 Nc6 5. c4 Nf6 6. Nc3 Bb4 7. Qd3 O-O 8. Be2
d6 9. O-O Bd7 10. Bg5 h6 11. Bh4 Rc8 12. Nxc6 Bxc6 13. f3 Qb6+ 14. Kh1 Nd7 15.
a3 Ne5 16. Qc2 Bxc3 17. Qxc3 Rc7 18. Rad1 Ba4 19. Rd2 Rfc8 20. Bf2 Qc6 21. b3
Bb5 22. Qb4 Ba6 23. Rxd6 Qe8 24. Rfd1 Nc6 25. Qc3 b5 26. c5 Ne7 27. b4 Bb7 28.
Qb2 a6 29. Bd4 g6 30. Bf6 Nc6 31. e5 Ne7 32. Bd3 Nf5 33. Bxf5 exf5 34. Rd8 Rxd8
35. Rxd8 Qxd8 36. Bxd8 Rd7 37. g3 Rxd8 38. Kg2 Rd3 39. Qe2 Bxf3+ 40. Qxf3 Rxf3
41. Kxf3 Kf8 42. Kf4 Ke7 43. h4 Kd7 44. h5 Ke6 45. hxg6 fxg6 46. g4 g5+ 47. Ke3
f4+ 48. Ke4 Ke7 49. Kf3 Kd7 50. Ke4 Ke6 51. c6 Ke7 52. Kd5 f3 53. c7 Kd7 54. e6+
Kxc7 55. Ke5 Kd8 56. Kf6 Ke8 57. Kg6 f2 58. Kxh6 f1=Q 59. Kxg5 Qe1 0-1

[Event "Women's Speed Chess Q3"]
[Site "chess.com INT"]
[Date "2021.05.30"]
[Round "10"]
[White "Von Herman, Brigitte"]
[Black "Mohota, Nisha"]
[Result "0-1"]
[WhiteTitle "WFM"]
[BlackTitle "IM"]
[WhiteElo "1991"]
[BlackElo "2195"]
[WhiteFideId "4628730"]
[BlackFideId "5004330"]
[EventDate "2021.05.30"]

1. e4 Nf6 2. e5 Nd5 3. d4 d6 4. Nf3 dxe5 5. Nxe5 c6 6. Be2 Bf5 7. a3 Nd7 8. Nf3
e6 9. O-O N7f6 10. h3 Bd6 11. c4 Ne7 12. Nc3 h6 13. Re1 O-O 14. Bf1 Re8 15. b4
Bh7 16. Bb2 Ng6 17. Bd3 Nf4 18. Bxh7+ Kxh7 19. Qc2+ Ng6 20. Ne4 Nxe4 21. Qxe4
Be7 22. h4 Kg8 23. h5 Nf8 24. Ne5 Bf6 25. Rad1 Bxe5 26. dxe5 Qg5 27. Qf3 Rad8
28. Bc1 Qh4 29. Bf4 Nh7 30. Bg3 Qg5 31. Bf4 Qe7 32. Qg3 Ng5 33. Rd6 Rxd6 34.
exd6 Qf6 35. Be5 Qf5 36. c5 Rd8 37. f4 f6 38. fxg5 fxe5 39. gxh6 Rd7 40. Rxe5
Qb1+ 41. Kh2 Qd1 42. Rxe6 Qxh5+ 43. Kg1 Qd1+ 44. Qe1 Qd4+ 45. Qe3 Qxe3+ 46. Rxe3
gxh6 47. Re6 Kg7 48. Kf2 h5 49. Kg3 Kf7 50. Kh4 Kxe6 51. Kxh5 Rg7 52. g4 Rg8 53.
g5 b6 54. cxb6 axb6 55. g6 Kxd6 56. Kh6 Ke7 57. Kh7 Kf8 58. a4 Rg7+ 59. Kh6 c5
60. bxc5 bxc5 61. a5 c4 62. Kg5 c3 63. a6 c2 64. a7 Rxa7 0-1

[Event "Women's Speed Chess Q3"]
[Site "chess.com INT"]
[Date "2021.05.30"]
[Round "10"]
[White "Socko, Monika"]
[Black "Varshini, V"]
[Result "0-1"]
[WhiteTitle "GM"]
[BlackTitle "WGM"]
[WhiteElo "2421"]
[BlackElo "2226"]
[WhiteFideId "1106619"]
[BlackFideId "5091241"]
[EventDate "2021.05.30"]

1. g3 c5 2. Bg2 d5 3. d3 e6 4. Nf3 Nf6 5. O-O Be7 6. Nbd2 O-O 7. c3 b6 8. e4 Bb7
9. Qe2 Nfd7 10. Rd1 Nc6 11. Nf1 Qc7 12. Bf4 e5 13. Bg5 d4 14. Bxe7 Nxe7 15. Rac1
Qd6 16. c4 g6 17. Nh4 Kg7 18. h3 Rab8 19. Nh2 f5 20. exf5 Nxf5 21. Bxb7 Rxb7 22.
Ng2 Nf6 23. Rf1 Rbf7 24. Rce1 Nd7 25. Ng4 Re7 26. Kh2 h5 27. Qe4 hxg4 28. hxg4
Nh6 29. Nh4 Qe6 30. Kh3 Nf7 31. f4 Qd6 32. Kg2 Nb8 33. fxe5 Qc6 34. e6 Qxe4+ 35.
Rxe4 Nh8 36. Rfe1 Rfe8 37. Nf3 Nc6 38. Ng5 Kf6 39. Nh7+ Kg7 40. Ng5 Kf6 41. Nf3
Kg7 42. g5 Nd8 43. Ne5 Rxe6 44. Kf3 Nhf7 45. Nxf7 Kxf7 46. Rf4+ Kg7 47. Rh1 R6e7
48. Kg4 Rf8 49. Rhf1 Rxf4+ 50. Rxf4 Ne6 51. Rf6 Nf8 52. Rc6 Nd7 53. Rc7 Ne5+ 54.
Kf4 Rxc7 55. Kxe5 Kf7 56. Kd6 Re7 57. Kc6 Re2 58. Kb7 Rxb2 59. Kxa7 Rxa2+ 60.
Kxb6 Rd2 61. Kxc5 Rxd3 62. Kd6 Rxg3 63. c5 Rxg5 64. c6 Rg1 65. Ke5 Rc1 66. Kxd4
Rxc6 67. Kd5 Rf6 68. Ke5 g5 0-1

[Event "Women's Speed Chess Q3"]
[Site "chess.com INT"]
[Date "2021.05.30"]
[Round "10"]
[White "Morris-Suzuki, Sophie"]
[Black "Kulkarni, Bhakti"]
[Result "1-0"]
[WhiteTitle "WFM"]
[BlackTitle "IM"]
[WhiteElo "2043"]
[BlackElo "2391"]
[WhiteFideId "30922615"]
[BlackFideId "5019516"]
[EventDate "2021.05.30"]

1. e4 d5 2. Nc3 dxe4 3. Nxe4 Nf6 4. Nxf6+ exf6 5. d4 Bd6 6. c3 O-O 7. Bd3 Re8+
8. Ne2 h5 9. Qc2 Nd7 10. Be3 h4 11. h3 Nf8 12. O-O-O Ne6 13. Kb1 c6 14. c4 b5
15. d5 cxd5 16. c5 Be5 17. Bxb5 Re7 18. Nc3 Rb8 19. Rxd5 Qa5 20. c6 Bxc3 21.
Qxc3 Qxc3 22. bxc3 a6 23. a4 axb5 24. axb5 Nc7 25. Rd8+ Re8 26. Rxe8+ Nxe8 27.
c4 Be6 28. b6 Bxc4 29. Rc1 Bd5 30. f3 Nc7 31. Kc2 Ne6 32. Kd3 g5 33. Bd4 Rd8 34.
Bxf6 Rc8 35. b7 Re8 36. c7 Nxc7 37. Rxc7 Be6 38. Be5 Kh7 39. Kd4 Kg6 40. Kc5 f6
41. Bd6 Bf5 42. Re7 Rd8 43. Rc7 Be6 44. Be7 Rb8 45. Kb6 f5 46. Rc6 Kf7 47. Bd6
Rd8 48. b8=Q Rxb8+ 49. Bxb8 Bd5 50. Rc7+ Ke6 51. Rg7 g4 52. fxg4 fxg4 53. Rxg4
Kf5 54. Rxh4 Bxg2 55. Rh8 Bf3 56. h4 Kg6 57. Kc7 Bg4 58. Kd6 Bh5 59. Ke5 Bg4 60.
Kf4 Bd1 61. Be5 Be2 62. Ke3 Bg4 63. Kf4 Bh5 64. Rc8 Bd1 65. Rc5 Be2 66. Kg3 Bh5
67. Ra5 Bd1 68. Ra3 Bh5 69. Rb3 Be2 70. Rb6+ Kh5 71. Bf4 Bd3 72. Rh6# 1-0

[Event "Women's Speed Chess Q3"]
[Site "chess.com INT"]
[Date "2021.05.30"]
[Round "10"]
[White "Frayna, Janelle Mae"]
[Black "Pham, Le Thao Nguyen"]
[Result "1-0"]
[WhiteTitle "WGM"]
[BlackTitle "IM"]
[WhiteElo "2179"]
[BlackElo "2369"]
[WhiteFideId "5212499"]
[BlackFideId "12401226"]
[EventDate "2021.05.30"]

1. d4 d5 2. c4 c6 3. Nc3 Nf6 4. e3 g6 5. Nf3 Bg7 6. Be2 O-O 7. O-O Bg4 8. h3
Bxf3 9. Bxf3 dxc4 10. a4 Nd5 11. Qe2 e6 12. Qxc4 a5 13. Rd1 Na6 14. Bd2 Qb6 15.
b3 Rfd8 16. Rac1 Nab4 17. Ne4 e5 18. Nc5 exd4 19. exd4 Na6 20. Bg5 Rd6 21. Ne4
Re6 22. Nc5 Rd6 23. Ne4 Rd7 24. Nc5 Nxc5 25. dxc5 Qb4 26. Bxd5 cxd5 27. Rxd5
Qxc4 28. bxc4 Rc7 29. Bf4 Rc6 30. Rb1 Bf8 31. Rxb7 Bxc5 32. Rdd7 Rf6 33. Bg3 Re8
34. Ra7 Re1+ 35. Kh2 Bxf2 36. Bxf2 Rxf2 37. Rxa5 Ree2 38. Rg5 Rc2 39. Rc7 h6 40.
Rg3 Ra2 41. Ra7 Rfc2 42. Rf3 Rxg2+ 43. Kh1 Rh2+ 44. Kg1 Rag2+ 45. Kf1 Rc2 46.
Kg1 Rhg2+ 47. Kh1 f5 48. Rd3 Rh2+ 49. Kg1 Rhd2 50. Rxd2 Rxd2 51. c5 Rc2 52. Rc7
Ra2 53. Ra7 Rc2 54. Rc7 Ra2 55. c6 Rxa4 56. Rb7 Rc4 57. c7 Kf8 58. Rb8+ Ke7 59.
c8=Q Rxc8 60. Rxc8 Kf6 61. Rh8 Kg5 62. Kg2 Kh5 63. Rf8 Kg5 64. Kg3 Kh5 65. h4 g5
66. Rxf5 Kg6 67. Ra5 Kh5 68. hxg5 hxg5 69. Rb5 1-0

[Event "Women's Speed Chess Q3"]
[Site "chess.com INT"]
[Date "2021.05.30"]
[Round "10"]
[White "Putri, Regita Desyari"]
[Black "Zhai, Mo"]
[Result "0-1"]
[WhiteTitle "WFM"]
[BlackTitle "WGM"]
[WhiteElo "1897"]
[BlackElo "2366"]
[WhiteFideId "7109083"]
[BlackFideId "8600201"]
[EventDate "2021.05.30"]

1. d4 Nf6 2. c4 b6 3. Nf3 Bb7 4. g3 g6 5. Bg2 Bg7 6. O-O O-O 7. Nc3 Ne4 8. Qc2
Nxc3 9. Qxc3 c5 10. e3 d6 11. Qd2 Nd7 12. b3 Nf6 13. Bb2 Ne4 14. Qc2 Qc7 15.
Rad1 Rac8 16. d5 Nf6 17. e4 Nd7 18. Bxg7 Kxg7 19. Qc3+ Kg8 20. h4 h5 21. Ng5 b5
22. f4 bxc4 23. bxc4 Ba6 24. f5 Ne5 25. fxg6 fxg6 26. Rxf8+ Rxf8 27. Ne6 Qd7 28.
Nxf8 Kxf8 29. Rf1+ Kg7 30. Rf4 Bxc4 31. Qe1 Qa4 32. Qf2 Qd1+ 33. Bf1 Bxf1 34.
Qxf1 Qd4+ 35. Kg2 c4 36. Qe2 c3 37. Rf1 Ng4 38. Kh3 Ne3 39. Rc1 c2 40. Re1 Qxe4
41. Rc1 Qf5+ 42. Kh2 Ng4+ 43. Kg2 Qxd5+ 44. Kh3 Ne5 45. Rxc2 Qh1+ 46. Qh2 Qf1+
47. Qg2 Qf5+ 48. Kh2 Ng4+ 49. Kg1 Qe5 50. Re2 Qa1+ 51. Qf1 Qd4+ 52. Kg2 Ne3+ 53.
Rxe3 Qxe3 54. Qa1+ Qe5 55. Qg1 a5 56. Qa7 d5 57. Kh3 d4 58. Qd7 Qe4 59. Kh2 Qe2+
60. Kg1 Qe3+ 61. Kg2 d3 62. Kh3 Qe1 63. Qd5 Qf1+ 64. Kh2 Qe2+ 0-1

[Event "Women's Speed Chess Q3"]
[Site "chess.com INT"]
[Date "2021.05.30"]
[Round "11"]
[White "Gaponenko, Inna"]
[Black "Frayna, Janelle Mae"]
[Result "1-0"]
[WhiteTitle "IM"]
[BlackTitle "WGM"]
[WhiteElo "2357"]
[BlackElo "2179"]
[WhiteFideId "14101181"]
[BlackFideId "5212499"]
[EventDate "2021.05.30"]

1. e4 Nf6 2. e5 Ne4 3. d3 Nc5 4. d4 Ne6 5. d5 Nc5 6. b4 Nca6 7. a3 d6 8. Nf3 g6
9. exd6 cxd6 10. Bb2 f6 11. Bb5+ Nd7 12. Nd4 Qb6 13. Qe2 Bg7 14. Ne6 Bh6 15. Bd4 1-0

[Event "Women's Speed Chess Q3"]
[Site "chess.com INT"]
[Date "2021.05.30"]
[Round "11"]
[White "Ribeiro, Regina"]
[Black "Vine, Elzbieta"]
[Result "1-0"]
[WhiteTitle "WIM"]
[BlackTitle "WFM"]
[WhiteElo "1920"]
[BlackElo "2138"]
[WhiteFideId "2100681"]
[BlackFideId "1119320"]
[EventDate "2021.05.30"]

1. Nf3 d5 2. b3 e5 3. Nxe5 Bd6 4. Nf3 Nf6 5. Bb2 Nc6 6. e3 Bg4 7. Bb5 Qd7 8. d3
O-O-O 9. Nbd2 Rhe8 10. c4 a6 11. Bxc6 Qxc6 12. Rc1 Qb6 13. O-O 1-0

[Event "Women's Speed Chess Q3"]
[Site "chess.com INT"]
[Date "2021.05.30"]
[Round "11"]
[White "Berend, Elvira"]
[Black "Kiran, Manisha Mohanty"]
[Result "1-0"]
[WhiteTitle "WGM"]
[BlackTitle "WGM"]
[WhiteElo "2326"]
[BlackElo "2168"]
[WhiteFideId "4000510"]
[BlackFideId "5019575"]
[EventDate "2021.05.30"]

1. e4 c5 2. Nf3 d6 3. c3 Nf6 4. Bd3 e5 5. h3 g6 6. Bc4 Bg7 7. O-O O-O 8. d3 Nc6
9. a4 a6 10. Na3 b6 11. Nc2 Ra7 12. Ne3 Ne7 13. b4 Be6 14. bxc5 dxc5 15. Rb1
Bxc4 16. Nxc4 Nxe4 17. dxe4 Qxd1 18. Rxd1 Nc6 19. Rxb6 1-0

[Event "Women's Speed Chess Q3"]
[Site "chess.com INT"]
[Date "2021.05.30"]
[Round "11"]
[White "Mkrtchian, Lilit"]
[Black "Cyfka, Karina"]
[Result "0-1"]
[WhiteTitle "IM"]
[BlackTitle "IM"]
[WhiteElo "2388"]
[BlackElo "2415"]
[WhiteFideId "13300601"]
[BlackFideId "1122681"]
[EventDate "2021.05.30"]

1. e4 e5 2. Nf3 Nc6 3. Bb5 a6 4. Ba4 Nf6 5. O-O Be7 6. Re1 b5 7. Bb3 O-O 8. c3
d5 9. exd5 Nxd5 10. Nxe5 Nxe5 11. Rxe5 c6 12. d3 Bd6 13. Re1 Qh4 14. g3 Qh3 15.
Qf3 Bg4 16. Qg2 Qh5 17. Nd2 Rae8 18. Re4 Kh8 19. Rxe8 Rxe8 20. Ne4 f5 21. Bxd5
cxd5 22. Be3 fxe4 23. dxe4 dxe4 24. a4 Bh3 25. Qh1 b4 26. c4 Bc5 27. Bxc5 Qxc5
28. Re1 Rf8 0-1

[Event "Women's Speed Chess Q3"]
[Site "chess.com INT"]
[Date "2021.05.30"]
[Round "11"]
[White "Zaksaite, Salomeja"]
[Black "Skuhala, Barbara"]
[Result "1-0"]
[WhiteTitle "WIM"]
[BlackTitle "WFM"]
[WhiteElo "2202"]
[BlackElo "2077"]
[WhiteFideId "12801496"]
[BlackFideId "14605465"]
[EventDate "2021.05.30"]

1. g3 Nf6 2. Bg2 e6 3. b3 d5 4. Bb2 Be7 5. e3 O-O 6. Ne2 b6 7. O-O Bb7 8. d3
Nbd7 9. Nd2 c5 10. h3 Rc8 11. f4 a6 12. Nf3 b5 13. a4 c4 14. axb5 axb5 15. Bd4
Bc6 16. g4 Bc5 17. g5 Ne8 18. Qe1 Qe7 19. Ng3 cxb3 20. c3 b4 21. Rb1 bxc3 22.
Qxc3 Bxd4 23. Qxd4 Rb8 24. Rb2 Qb4 25. Rfb1 Qc4 26. dxc4 1-0

[Event "Women's Speed Chess Q3"]
[Site "chess.com INT"]
[Date "2021.05.30"]
[Round "11"]
[White "Narva, Regina"]
[Black "Swati, Mohota"]
[Result "1-0"]
[WhiteTitle "WFM"]
[BlackTitle "WFM"]
[WhiteElo "1901"]
[BlackElo "2027"]
[WhiteFideId "4500237"]
[BlackFideId "5006511"]
[EventDate "2021.05.30"]

1. e4 d5 2. exd5 Qxd5 3. Nc3 Qd8 4. b3 Nf6 5. Bb2 Bf5 6. Nf3 e6 7. d3 Be7 8. Be2
O-O 9. h3 Nd5 10. g4 Bg6 11. Qd2 Bf6 12. O-O-O Nxc3 13. Bxc3 Bxc3 14. Qxc3 Qd6
15. h4 f6 16. h5 Bf7 17. g5 e5 18. g6 hxg6 19. hxg6 Bxg6 20. Rdg1 Bf7 21. Qd2 f5
22. Qg5 g6 23. Qh6 Qa3+ 24. Kb1 Bxb3 25. Qh7# 1-0

[Event "Women's Speed Chess Q3"]
[Site "chess.com INT"]
[Date "2021.05.30"]
[Round "11"]
[White "Dworakowska, Joanna"]
[Black "Jakubowska, Anna"]
[Result "0-1"]
[WhiteTitle "IM"]
[BlackTitle "WIM"]
[WhiteElo "2322"]
[BlackElo "2073"]
[WhiteFideId "1107445"]
[BlackFideId "1121952"]
[EventDate "2021.05.30"]

1. e4 c6 2. d4 d5 3. Nc3 dxe4 4. Nxe4 Nf6 5. Nxf6+ exf6 6. c3 Bd6 7. Bd3 O-O 8.
Ne2 Re8 9. O-O Nd7 10. Ng3 Nf8 11. Ne4 Bc7 12. h3 Ng6 13. Be3 f5 14. Nc5 f4 15.
Bd2 Qh4 16. Qf3 b6 17. Qxc6 Bxh3 18. gxh3 Qxh3 19. Rae1 Rf8 20. Ne4 f3 21. Qxc7
Qg2# 0-1

[Event "Women's Speed Chess Q3"]
[Site "chess.com INT"]
[Date "2021.05.30"]
[Round "11"]
[White "Zaichenko, Daria"]
[Black "Szente Varga, Fruzsina"]
[Result "1-0"]
[WhiteTitle "WFM"]
[BlackTitle "WFM"]
[WhiteElo "2104"]
[BlackElo "2100"]
[WhiteFideId "4197453"]
[BlackFideId "712264"]
[EventDate "2021.05.30"]

1. e4 e5 2. Nf3 Nc6 3. Bc4 Bc5 4. d3 Nf6 5. c3 O-O 6. b4 Bb6 7. a4 a5 8. b5 Nb8
9. Bg5 d6 10. Nbd2 Be6 11. O-O Nbd7 12. d4 exd4 13. cxd4 Bxc4 14. Nxc4 h6 15.
Bh4 Qe8 16. e5 dxe5 17. Nfxe5 Nd5 18. Kh1 Nxe5 19. Nxe5 Qe6 20. f4 f6 21. f5 Qd6
22. Ng6 Rfe8 23. Bg3 Qb4 24. Qf3 Bxd4 25. Qxd5+ Kh7 26. Rad1 Bb6 27. Nf4 Qxa4
28. Qf7 Rad8 29. Qg6+ Kh8 30. Ne6 Rg8 31. Rxd8 1-0

[Event "Women's Speed Chess Q3"]
[Site "chess.com INT"]
[Date "2021.05.30"]
[Round "11"]
[White "Bommini, Mounika Akshaya"]
[Black "Nurmanova, Alua"]
[Result "0-1"]
[WhiteTitle "WFM"]
[BlackTitle "WFM"]
[WhiteElo "2029"]
[BlackElo "2008"]
[WhiteFideId "25019872"]
[BlackFideId "13729390"]
[EventDate "2021.05.30"]

1. d4 Nf6 2. Bf4 g6 3. e3 Bg7 4. Nf3 O-O 5. Be2 d6 6. O-O c5 7. c3 Nbd7 8. h3 b6
9. a4 Bb7 10. Nbd2 a6 11. Bh2 Re8 12. Bd3 e5 13. dxe5 Nxe5 14. Nxe5 dxe5 15. Qe2
Qd5 16. e4 Qd7 17. Bc4 Red8 18. Rfd1 Nh5 19. Nf3 Qe7 20. Qe3 Rd6 21. Ng5 Rf8 22.
Rxd6 Qxd6 23. Qf3 Qe7 24. Rd1 Qxg5 25. Qd3 Nf4 26. Bxf4 exf4 27. Qd7 Bxe4 28. g3
fxg3 29. Bxf7+ Kh8 0-1

[Event "Women's Speed Chess Q3"]
[Site "chess.com INT"]
[Date "2021.05.30"]
[Round "11"]
[White "Grigoryan, Meri"]
[Black "Sviridova, Vlada"]
[Result "0-1"]
[WhiteTitle "WFM"]
[BlackTitle "WFM"]
[WhiteElo "2044"]
[BlackElo "2144"]
[WhiteFideId "13300571"]
[BlackFideId "24109606"]
[EventDate "2021.05.30"]

1. d4 d5 2. Nf3 Nf6 3. c4 c6 4. Nc3 dxc4 5. a4 Bf5 6. Ne5 Nbd7 7. Nxc4 Qc7 8. g3
e5 9. Bg2 Be7 10. dxe5 Nxe5 11. Nxe5 Qxe5 12. Bf4 Qa5 13. O-O O-O 14. e4 Bg4 15.
Qb3 Bc8 16. Rad1 Bb4 17. e5 Be6 18. Qc2 Nd7 19. Ne4 Nc5 20. Nxc5 Bxc5 21. Be4 g6
22. Bh6 Rfd8 23. Kh1 Qb4 24. Bg5 Rxd1 25. Rxd1 Bb3 26. Qd2 Qxe4+ 27. Kg1 Bxd1
28. Qxd1 Qxe5 29. Qd2 Re8 30. Bh6 Qe1+ 31. Qxe1 Rxe1+ 32. Kg2 Re2 33. Kh3 Rxf2 0-1

[Event "Women's Speed Chess Q3"]
[Site "chess.com INT"]
[Date "2021.05.30"]
[Round "11"]
[White "Kazarian, Anna-Maja"]
[Black "Eswaran, Ashritha"]
[Result "0-1"]
[WhiteTitle "FM"]
[BlackTitle "WIM"]
[WhiteElo "2096"]
[BlackElo "2244"]
[WhiteFideId "1033689"]
[BlackFideId "2080788"]
[EventDate "2021.05.30"]

1. e4 c5 2. Nf3 d6 3. d4 cxd4 4. Nxd4 Nf6 5. Nc3 g6 6. Be3 Bg7 7. f3 Nc6 8. Bc4
O-O 9. Qd2 Bd7 10. O-O-O Ne5 11. Bb3 Rc8 12. Kb1 Nc4 13. Bxc4 Rxc4 14. h4 b5 15.
h5 b4 16. Nd5 Nxh5 17. Rxh5 gxh5 18. Nf5 Bxf5 19. exf5 Qd7 20. b3 Rcc8 21. Bh6
f6 22. Qf4 Rf7 23. Re1 Bxh6 24. Qxh6 Qxf5 25. Qd2 e6 26. g4 Qxd5 27. Qxb4 Rfc7
28. Rc1 Rb7 29. Qf4 Qe5 30. Qh6 Qg5 0-1

[Event "Women's Speed Chess Q3"]
[Site "chess.com INT"]
[Date "2021.05.30"]
[Round "11"]
[White "Kulkarni, Bhakti"]
[Black "Balabayeva, Xeniya"]
[Result "0-1"]
[WhiteTitle "IM"]
[BlackTitle "WFM"]
[WhiteElo "2391"]
[BlackElo "2178"]
[WhiteFideId "5019516"]
[BlackFideId "13719688"]
[EventDate "2021.05.30"]

1. d4 Nf6 2. Nf3 e6 3. Bg5 d5 4. e3 Be7 5. Bd3 h6 6. Bh4 b6 7. Nbd2 Bb7 8. O-O
Nbd7 9. Ne5 c5 10. c3 O-O 11. f4 Ne4 12. Bxe7 Qxe7 13. Nxd7 Qxd7 14. Bxe4 dxe4
15. Qe2 cxd4 16. cxd4 Rac8 17. Rfc1 Bd5 18. Qa6 Rc7 19. Rc3 Rxc3 20. bxc3 Rc8
21. c4 Bc6 22. Rc1 Qe7 23. c5 Bb7 24. Qxa7 bxc5 25. Rxc5 Ra8 26. Qb6 Rxa2 27.
Rc7 Qa3 28. Qxb7 Qxe3+ 29. Kf1 Rxd2 30. Rc8+ Kh7 31. Rc1 Qf2# 0-1

[Event "Women's Speed Chess Q3"]
[Site "chess.com INT"]
[Date "2021.05.30"]
[Round "11"]
[White "Nguyen, Hong Anh"]
[Black "Varshini, V"]
[Result "1-0"]
[WhiteTitle "WIM"]
[BlackTitle "WGM"]
[WhiteElo "1993"]
[BlackElo "2226"]
[WhiteFideId "12406732"]
[BlackFideId "5091241"]
[EventDate "2021.05.30"]

1. d4 d5 2. c4 e6 3. Nf3 Nf6 4. g3 Be7 5. Bg2 O-O 6. O-O b6 7. cxd5 exd5 8. Nc3
Bb7 9. Ne5 Nbd7 10. Qa4 c5 11. Nxd7 Nxd7 12. Nxd5 Bxd5 13. Bxd5 Rc8 14. Qxa7
cxd4 15. Bg2 Bc5 16. Qa4 Ne5 17. Bf4 Ng4 18. h3 Nf6 19. Rfd1 Qe7 20. Bf3 h6 21.
a3 g5 22. Bd2 h5 23. Bxg5 Qe5 24. Bf4 Qf5 25. b4 Be7 26. Rxd4 Rfd8 27. Rxd8+
Rxd8 28. Bg2 Nd5 29. e4 Qf6 30. e5 Qf5 31. Bxd5 h4 32. Bg2 hxg3 33. Bxg3 Rd2 34.
Rf1 Bg5 35. Qa8+ Kg7 36. Qe4 Qe6 37. Qg4 Qg6 38. h4 1-0

[Event "Women's Speed Chess Q3"]
[Site "chess.com INT"]
[Date "2021.05.30"]
[Round "11"]
[White "Socko, Monika"]
[Black "Arpita, Mukherjee"]
[Result "0-1"]
[WhiteTitle "GM"]
[BlackTitle "WIM"]
[WhiteElo "2421"]
[BlackElo "2206"]
[WhiteFideId "1106619"]
[BlackFideId "5056403"]
[EventDate "2021.05.30"]

1. d4 Nf6 2. Nf3 g6 3. g3 Bg7 4. Bg2 d6 5. O-O O-O 6. c4 Nbd7 7. Qc2 e5 8. Rd1
exd4 9. Nxd4 Ne5 10. h3 Re8 11. b3 Bd7 12. Bb2 Qc8 13. Kh2 h5 14. Nd2 h4 15.
N2f3 hxg3+ 16. fxg3 c6 17. Nxe5 dxe5 18. Nf3 e4 19. Ng5 Bf5 20. e3 Qc7 21. Rf1
Nh5 22. Rf4 Nxf4 23. gxf4 f6 24. Nxe4 Qe7 25. Rd1 Bxe4 26. Qf2 Bxg2 27. Qxg2
Qxe3 28. Qxg6 Qe2+ 29. Kg3 Qxd1 30. Kh4 Qe1+ 31. Kh5 Qe2+ 32. Kh4 Qxb2 33. Qf5
Qf2+ 34. Kh5 Qg3 35. h4 Qf3+ 36. Kg6 Re2 0-1

[Event "Women's Speed Chess Q3"]
[Site "chess.com INT"]
[Date "2021.05.30"]
[Round "11"]
[White "Assaubayeva, Bibisara"]
[Black "Kiolbasa, Oliwia"]
[Result "0-1"]
[WhiteTitle "IM"]
[BlackTitle "WIM"]
[WhiteElo "2381"]
[BlackElo "2255"]
[WhiteFideId "13708694"]
[BlackFideId "1154613"]
[EventDate "2021.05.30"]

1. d4 Nf6 2. c4 b6 3. Nc3 Bb7 4. d5 e6 5. e4 exd5 6. exd5 Bd6 7. Bd3 O-O 8. Nf3
Re8+ 9. Be3 Ng4 10. O-O Nxe3 11. fxe3 Bc5 12. Kh1 Bxe3 13. Qc2 h6 14. Rae1 d6
15. Ne4 Bf4 16. Nd4 Be5 17. Nf5 Nd7 18. Qf2 Rf8 19. Qf3 Nc5 20. Nxc5 bxc5 21.
Re4 Qf6 22. Rg4 Bxb2 23. Rxg7+ Kh8 24. Rg4 Rg8 25. Rh4 Rg6 26. Nxh6 Qxh4 27.
Nxf7+ Kg7 28. Bxg6 Kxg6 29. Qf5+ Kg7 30. Ng5 Rh8 31. Qf7+ Kh6 32. Qf6+ Bxf6 33.
Rxf6+ Kxg5 0-1